000 01337nam a2200229Ia 4500
001 A085-34617
003 IT-CnALBA
008 170116s9999||||xx |||||||||||||| ||und||
040 _aIT-CnALBA
_cIT-CnALBA
041 _aPOLIGLOTTA
100 _aBOSSUET JACQUES-BENIGNE VESCOVO DI MEAUX
245 0 _aOEUVRES DE MESSIRE JACQUE-BENIGNE BUSSUET. TOME XII. TRAITÈ DE L'AMOUR DE DIEU. ABREGÈ DE LHISTOIRE DE FRANCE.
250 _a1a ed.
260 _a LIEGE
_bLIBRAIRES (LES) ASSOCIES
_c1767 [1° Ed.:1767 - Ed.Ling.Originale: 1767]
300 _a650 p. (prefazione: 16)
500 _aBIBLIOTECA CANONICO CHIESA. TRATTATO DELL'AMOR DI DIO NECESSARIO AL SACRAMENTO DELLA PENITENZA. ASSEMBLEA GENERALE DEL CLERO 1700. LETTERE SULLA CONFESSIONE GENERALE. PREGHIERA. PRATICA DELLA PERFEZIONE. MALATTIA. AUSTERITA'. LETTERE DI S. AGOSTINO. SUNTO
501 _aSocietà San Paolo EM - Piazza San Paolo, 14 - 12051 ALBA (CN) (non commercial uses only) ® Copyright 2017
520 _aBIBLIOTECA CANONICO CHIESA. TRATTATO DELL'AMOR DI DIO NECESSARIO AL SACRAMENTO DELLA PENITENZA. ASSEMBLEA GENERALE DEL CLERO 1700. LETTERE SULLA CONFESSIONE GENERALE. PREGHIERA. PRATICA DELLA PERFEZIONE. MALATTIA. AUSTERITA'. LETTERE DI S. AGOSTINO. SUNTO
650 _aRACCOLTE DI CARATTERE GEN. IN ITALIANO
942 _cBK
957 _71
999 _a39386
_bSI
_g Copie: 1
_c293450
_d293450